[Event "XVIII Festival A"]
[Site "San Giorgio su Legnano ITA"]
[Date "2000.06.01"]
[Round "1"]
[White "Sala, Gianni"]
[Black "Bernasconi, Roberto"]
[Result "1-0"]
[WhiteElo "2002"]
[BlackElo "1500"]
[PlyCount "101"]
[EventDate "2000.06.01"]

1. e4 e5 2. Nf3 Nf6 3. Nc3 Nc6 4. Bb5 Bb4 5. d3 d6 6. h3 h6 7. O-O O-O 8. Ne2
a6 9. Bxc6 bxc6 10. Be3 c5 11. c3 Ba5 12. Ng3 Rb8 13. Rb1 Bd7 14. Qd2 Kh7 15.
Nh2 Ng8 16. f4 Qh4 17. Qf2 exf4 18. Bxf4 Rbe8 19. Be3 Re6 20. Nf3 Qd8 21. b4
cxb4 22. cxb4 Bb6 23. Bxb6 cxb6 24. Nd4 Rf6 25. Qe3 Rxf1+ 26. Rxf1 Ne7 27. Rc1
Qb8 28. Nh5 Rc8 29. Rf1 Rf8 30. Qg3 Ng6 31. Nf5 Rg8 32. Nxd6 Be6 33. a3 Rf8 34.
d4 f6 35. e5 fxe5 36. Rxf8 Qxf8 37. dxe5 Ne7 38. Qd3+ Nf5 39. g4 g6 40. Nf6+
Kg7 41. gxf5 gxf5 42. Qg3+ Kh8 43. Qg6 Qg7 44. Qxg7+ Kxg7 45. Kf2 Kg6 46. h4
Kg7 47. Kg3 Kf8 48. Kf4 Kg7 49. Nxf5+ Kg6 50. h5+ Kf7 51. Nxh6+ 1-0

[Event "XVIII Festival A"]
[Site "San Giorgio su Legnano ITA"]
[Date "2000.06.02"]
[Round "2"]
[White "Bernasconi, Roberto"]
[Black "Sartorio, Diego"]
[Result "1-0"]
[WhiteElo "1500"]
[BlackElo "1663"]
[PlyCount "73"]
[EventDate "2000.06.01"]

1. e4 d6 2. d4 Nf6 3. Nc3 c6 4. Bd3 b5 5. Nf3 b4 6. Ne2 Nbd7 7. O-O e5 8. Bg5
Bb7 9. Qd2 a5 10. a3 c5 11. d5 Ba6 12. Bxa6 Rxa6 13. Qd3 Qb6 14. Nd2 Be7 15.
Nc4 Qa7 16. Ng3 Nb6 17. Nf5 Nxc4 18. Qxc4 Bf8 19. axb4 Nd7 20. bxc5 Nxc5 21.
Qb5+ Nd7 22. Be3 Qa8 23. Ra3 g6 24. Ng3 Be7 25. Rfa1 Bd8 26. b4 Ke7 27. bxa5
Bc7 28. Qb4 Rb8 29. Qc3 Rc8 30. Qd2 Rb8 31. c4 Qb7 32. Qc3 Nf6 33. h3 Qb4 34.
Bd2 Qb2 35. R3a2 Qxc3 36. Bxc3 Rb3 37. Ra3 1-0

[Event "XVIII Festival A"]
[Site "San Giorgio su Legnano ITA"]
[Date "2000.06.02"]
[Round "2"]
[White "Orsenigo, Davide"]
[Black "Rettore, Ludwig"]
[Result "0-1"]
[WhiteElo "1425"]
[BlackElo "2076"]
[PlyCount "22"]
[EventDate "2000.06.01"]

1. e4 e5 2. Nf3 Nc6 3. d4 exd4 4. Bc4 Nf6 5. e5 d5 6. Bb5 Ne4 7. Nxd4 Bd7 8.
Bxc6 bxc6 9. Nd2 Nxf2 10. Qf3 Nxh1 11. N2b3 Qh4+ 0-1

[Event "XVIII Festival A"]
[Site "San Giorgio su Legnano ITA"]
[Date "2000.06.03"]
[Round "3"]
[White "Lanzani, Giuliano"]
[Black "Bernasconi, Roberto"]
[Result "1-0"]
[WhiteElo "1923"]
[BlackElo "1500"]
[PlyCount "91"]
[EventDate "2000.06.01"]

1. e4 e5 2. Nf3 Nf6 3. Bc4 Nxe4 4. Nc3 Nf6 5. Nxe5 d5 6. Qe2 Be7 7. Bb3 c6 8.
d4 Bf5 9. g4 Bg6 10. h4 h6 11. Nxg6 fxg6 12. Bf4 a5 13. O-O-O b5 14. a4 b4 15.
Nb1 Kf7 16. Rde1 Qd7 17. f3 Na6 18. Nd2 Bd6 19. Bxd6 Qxd6 20. Ne4 Qf4+ 21. Kb1
Rhe8 22. Qd3 Nc7 23. h5 g5 24. Nc5 Kg8 25. Ka2 Kh8 26. Ka1 Qg3 27. Rxe8+ Rxe8
28. Qf5 Re3 29. Nd3 Ne6 30. Ne5 Nf8 31. Qc8 Kg8 32. Qxc6 Rxe5 33. dxe5 Qxe5 34.
Rd1 Qe2 35. Bxd5+ Nxd5 36. Qxd5+ Kh8 37. Kb1 Qa6 38. Qd6 Qa8 39. Rd5 Kg8 40.
Qd8 Qxd8 41. Rxd8 Kf7 42. Rd5 Ne6 43. Rxa5 Nd4 44. Rb5 Nxb5 45. axb5 Ke7 46.
Ka2 1-0

[Event "XVIII Festival A"]
[Site "San Giorgio su Legnano ITA"]
[Date "2000.06.03"]
[Round "3"]
[White "Sala, Gianni"]
[Black "Orsenigo, Davide"]
[Result "1-0"]
[WhiteElo "2002"]
[BlackElo "1425"]
[PlyCount "55"]
[EventDate "2000.06.01"]

1. e4 c6 2. d4 d5 3. Nc3 dxe4 4. Nxe4 Bf5 5. Ng3 Bg6 6. Nf3 Nd7 7. Bd3 Bxd3 8.
Qxd3 Ngf6 9. O-O e6 10. Re1 Qc7 11. c4 Be7 12. Bd2 O-O 13. Nf5 Nb6 14. Nxe7+
Qxe7 15. a3 Rfd8 16. Bg5 h6 17. Bh4 Rac8 18. Rad1 Kh8 19. b4 c5 20. d5 cxb4 21.
d6 Qf8 22. Ne5 bxa3 23. Qf3 Nxc4 24. Bxf6 gxf6 25. Qxf6+ Kg8 26. d7 Rc7 27.
Nxf7 Kh7 28. Qxd8 1-0

[Event "XVIII Festival A"]
[Site "San Giorgio su Legnano ITA"]
[Date "2000.06.03"]
[Round "4"]
[White "Bernasconi, Roberto"]
[Black "Dal Brun, Giancarlo"]
[Result "0-1"]
[WhiteElo "1500"]
[BlackElo "1606"]
[PlyCount "52"]
[EventDate "2000.06.01"]

1. e4 e5 2. Nf3 Nc6 3. Bb5 a6 4. Bxc6 dxc6 5. O-O Bg4 6. d3 Bd6 7. Nbd2 Ne7 8.
Nc4 O-O 9. Bg5 f6 10. Bh4 Ng6 11. Bg3 Qe7 12. Ne3 Be6 13. d4 Rad8 14. d5 cxd5
15. exd5 Bc8 16. Nh4 Nxh4 17. Bxh4 g5 18. Bg3 f5 19. Nc4 f4 20. Nxd6 cxd6 21.
Qh5 Qg7 22. c3 Rf6 23. a4 Rdf8 24. b4 fxg3 25. hxg3 g4 26. f3 Rh6 0-1

[Event "XVIII Festival A"]
[Site "San Giorgio su Legnano ITA"]
[Date "2000.06.03"]
[Round "4"]
[White "Orsenigo, Davide"]
[Black "D'Aulisa, Francesco"]
[Result "1-0"]
[WhiteElo "1425"]
[BlackElo "1582"]
[PlyCount "71"]
[EventDate "2000.06.01"]

1. e4 d6 2. d4 e6 3. f4 g6 4. Nf3 Bg7 5. Nc3 Nd7 6. Bc4 Ne7 7. Be3 a6 8. O-O b6
9. Ng5 h6 10. Nxf7 Kxf7 11. f5 Nf6 12. Qf3 gxf5 13. exf5 d5 14. Rae1 Nxf5 15.
Bd3 Nxe3 16. Rxe3 Ke7 17. Re5 Kd6 18. Qg3 Qf8 19. Rg5+ Kc6 20. Rxg7 Bd7 21. Qg6
Qb4 22. Qxf6 Qxb2 23. Nxd5 Rhf8 24. Ne7+ Kb7 25. Rf7 Rxf7 26. Qxf7 Qxd4+ 27.
Qf2 Qg7 28. Be4+ c6 29. Nxc6 Kc7 30. Qf4+ e5 31. Nxe5 Re8 32. Nxd7+ Kxd7 33.
Bf5+ Kc6 34. Qc4+ Kb7 35. Be4+ Ka7 36. Rf7+ 1-0

[Event "XVIII Festival A"]
[Site "San Giorgio su Legnano ITA"]
[Date "2000.06.??"]
[Round "5"]
[White "Barberi, Alessandro"]
[Black "Ljubisavljevic, Zivojin Z."]
[Result "0-1"]
[WhiteElo "2135"]
[BlackElo "2285"]
[PlyCount "76"]
[EventDate "2000.06.01"]

1. d4 Nf6 2. c4 e6 3. Nf3 c5 4. d5 b5 5. Bg5 h6 6. dxe6 hxg5 7. exf7+ Kxf7 8.
Nxg5+ Kg8 9. e4 Bb7 10. cxb5 d5 11. Nc3 Nbd7 12. Qf3 Bd6 13. Nxd5 Bxd5 14. exd5
Qa5+ 15. Qc3 Re8+ 16. Ne6 Qxc3+ 17. bxc3 Nxd5 18. O-O-O N7b6 19. c4 Rxe6 20.
cxd5 Rf6 21. Re1 Kf7 22. Bd3 c4 23. Be2 Rxh2 24. Rxh2 Bxh2 25. Bh5+ g6 26. Bf3
Bd6 27. Kc2 Nd7 28. Re2 Ne5 29. Be4 g5 30. Kc3 Bc5 31. f3 Ke7 32. Bh7 Kd6 33.
Bg8 Rh6 34. Be6 Rh1 35. Rc2 Rd1 36. Re2 Rd3+ 37. Kb2 Bd4+ 38. Kc2 Ra3 0-1

[Event "XVIII Festival A"]
[Site "San Giorgio su Legnano ITA"]
[Date "2000.06.04"]
[Round "5"]
[White "D'Aulisa, Francesco"]
[Black "Bernasconi, Roberto"]
[Result "0-1"]
[WhiteElo "1582"]
[BlackElo "1500"]
[PlyCount "86"]
[EventDate "2000.06.01"]

1. Nf3 d5 2. d4 Nf6 3. Nc3 Bf5 4. h3 Nc6 5. a3 e6 6. Bf4 Bd6 7. Bg5 h6 8. Bd2
a6 9. e3 Qe7 10. g4 Bh7 11. Bg2 O-O-O 12. b4 e5 13. b5 axb5 14. Nxb5 exd4 15.
Nfxd4 Nxd4 16. Nxd4 Be5 17. O-O c5 18. Re1 Ne4 19. c3 Qh4 20. Re2 cxd4 21. cxd4
Bc7 22. Rc1 Nxd2 23. Qxd2 Qe7 24. Qa5 Kb8 25. Qb5 Qd7 26. Qb3 Qe6 27. Rb2 b6
28. Rc5 Be4 29. f3 Bh7 30. a4 Kc8 31. Rb5 Rhe8 32. a5 bxa5 33. Rb8+ Kd7 34.
Qb5+ Qc6 35. Rxd8+ Rxd8 36. Qxc6+ Kxc6 37. f4 Rb8 38. Rc2+ Bxc2 39. Bf1 Rb1 40.
Kf2 Rxf1+ 41. Kxf1 a4 42. Ke1 a3 43. Kd2 a2 0-1

[Event "XVIII Festival A"]
[Site "San Giorgio su Legnano ITA"]
[Date "2000.06.04"]
[Round "5"]
[White "Meraviglia, Alberto"]
[Black "Orsenigo, Davide"]
[Result "1-0"]
[WhiteElo "1626"]
[BlackElo "1425"]
[PlyCount "47"]
[EventDate "2000.06.01"]

1. e4 c6 2. f4 d5 3. e5 Bf5 4. Nf3 e6 5. Be2 c5 6. c4 dxc4 7. Bxc4 Nc6 8. d3 h6
9. Be3 b6 10. Nc3 Nge7 11. Nh4 Bh7 12. Qf3 Qc7 13. Nb5 Qb8 14. Nd6+ Kd7 15.
Nxf7 Rg8 16. Nd6 Nc8 17. Bb5 Qc7 18. Ne8 Qb7 19. f5 N8e7 20. Nd6 Qc7 21. fxe6+
Kd8 22. Qf7 Qb8 23. Qe8+ Kc7 24. Qd7# 1-0

[Event "XVIII Festival A"]
[Site "San Giorgio su Legnano ITA"]
[Date "2000.06.04"]
[Round "6"]
[White "Bernasconi, Roberto"]
[Black "Di Giovanni, Isidoro"]
[Result "1-0"]
[WhiteElo "1500"]
[BlackElo "1567"]
[PlyCount "75"]
[EventDate "2000.06.01"]

1. d4 Nf6 2. Nf3 g6 3. g3 Bg7 4. Bg2 O-O 5. O-O d5 6. Nbd2 Bf5 7. Ne5 Ng4 8.
Nxg4 Bxg4 9. Nf3 Nd7 10. h3 Bf5 11. Nh4 Nb6 12. Nxf5 gxf5 13. Qd3 e6 14. Be3
Nc4 15. Qb3 Nxe3 16. Qxe3 Qf6 17. c3 Bh6 18. Qd3 Kh8 19. Kh1 Rg8 20. e3 Rg7 21.
c4 c6 22. cxd5 exd5 23. b4 a6 24. a4 Rgg8 25. b5 Rgb8 26. h4 Qg6 27. bxc6 bxc6
28. Rfb1 a5 29. Bh3 Qh5 30. Qxf5 Qxf5 31. Bxf5 Rb4 32. Rxb4 axb4 33. Bd7 Ra6
34. a5 b3 35. Rb1 Rxa5 36. Rxb3 Ra1+ 37. Kg2 Rc1 38. Rb6 1-0

[Event "XVIII Festival A"]
[Site "San Giorgio su Legnano ITA"]
[Date "2000.06.04"]
[Round "6"]
[White "Orsenigo, Davide"]
[Black "Colombo, Sandro"]
[Result "1-0"]
[WhiteElo "1425"]
[BlackElo "1590"]
[PlyCount "59"]
[EventDate "2000.06.01"]

1. e4 c5 2. Nf3 d6 3. d4 cxd4 4. Nxd4 Nf6 5. Nc3 e6 6. Be2 Nc6 7. Be3 Be7 8.
Qd2 O-O 9. g4 Nxd4 10. Bxd4 e5 11. Be3 Nxg4 12. Bxg4 Bxg4 13. Rg1 Bh5 14. Nd5
f5 15. Bh6 Bg6 16. exf5 Rxf5 17. Be3 Bf7 18. O-O-O Bf8 19. Bg5 Qc8 20. Ne7+
Bxe7 21. Bxe7 Qd7 22. Qxd6 Qxd6 23. Bxd6 Rxf2 24. Bxe5 Bg6 25. Rd2 Rxd2 26.
Kxd2 Rf8 27. Bg3 h6 28. Bd6 Rd8 29. Rxg6 Rxd6+ 30. Rxd6 1-0